| 000 | 00456nam a2200193Ia 4500 | ||
|---|---|---|---|
| 008 | 170918s9999 xx 000 0 und d | ||
| 020 | _a9780439081856 | ||
| 050 | _bV126 1995 | ||
| 100 | _aVagin, Vladimir | ||
| 245 | 4 | _aThe nutcracker ballet / | |
| 245 | _cby Vladimir Vagin. | ||
| 260 | _aNew York : | ||
| 260 | _bScholastic, | ||
| 260 | _c1995 | ||
| 300 | _aunpaged : | ||
| 300 | _bcolored illustration ; | ||
| 300 | _c30cm. | ||
| 500 | _a490 | ||
| 999 |
_c342828 _d342828 |
||